Hlavní téma - globalizace Zasedal mezinárodní parlament práce

Ženeva jún 1996 - celosvetová konferencia Medzinárodnej organizácie práce (MOP). Hlavný problém diskutovaný na konferencii - globalizácia. Sociálne práva, ľudské práva a medzinárodný obchod. Problém "sociálnej doložky". Práca detí, vykorisťovanie detí. Ďalší problém riešený na zasadaní svetového par...

Ausführliche Beschreibung

Gespeichert in:
Bibliographische Detailangaben
1. Verfasser: Vítek, Jan
Format: Buchkapitel
Sprache:Tschechisch
Schlagworte:
Tags: Tag hinzufügen
Keine Tags, Fügen Sie das erste Tag hinzu!

MARC

LEADER 00000naa a2200000 4500
001 r021566
005 20230920092008.3
041 0 |a cze 
044 |a CZ 
245 1 0 |a Hlavní téma - globalizace  |b Zasedal mezinárodní parlament práce  |c Jan Vítek 
520 |a Ženeva jún 1996 - celosvetová konferencia Medzinárodnej organizácie práce (MOP). Hlavný problém diskutovaný na konferencii - globalizácia. Sociálne práva, ľudské práva a medzinárodný obchod. Problém "sociálnej doložky". Práca detí, vykorisťovanie detí. Ďalší problém riešený na zasadaní svetového parlamentu práce - príprava medzinárodných noriem na ochranu námedzných robotníkov pracujúcich doma. 
610 2 0 |a globalizácia 
610 2 0 |a MOP 
610 2 0 |a konferencie 
610 2 0 |a Ženeva 
610 2 0 |a 1996 
610 2 0 |a politika sociálna 
610 2 0 |a obchod medzinárodný 
610 2 0 |a práca detská 
610 2 0 |a práva ľudské 
610 2 0 |a práca z domu 
100 1 |a Vítek, Jan